British and American short stories
Αποθηκεύτηκε σε:
| Κύριος συγγραφέας: | |
|---|---|
| Άλλοι συγγραφείς: | |
| Μορφή: | Βιβλίο |
| Γλώσσα: | English |
| Δημοσίευση: |
[London] :
Longmans,
[c1960]
|
| Σειρά: | Longmans' simplified English series
|
| Θέματα: | |
| Ετικέτες: |
Προσθήκη ετικέτας
Δεν υπάρχουν, Καταχωρήστε ετικέτα πρώτοι!
|
MARC
| LEADER | 00000cam a2200000 i 4500 | ||
|---|---|---|---|
| 001 | 1/97617 | ||
| 008 | 081119s1960 eng d | ||
| 035 | |l 10101784 | ||
| 040 | |a GR-MY-UA |b gre |e aacr | ||
| 041 | 0 | |a eng | |
| 082 | 0 | |a 428.6 |2 (22) | |
| 100 | 1 | |a Thornley, G. C. |q (Granville Calland) | |
| 245 | 1 | 0 | |a British and American short stories / |c selected and simplified by G.C. Thornley ; illustrated by Leonard Rosoman |
| 260 | |a [London] : |b Longmans, |c [c1960] | ||
| 300 | |a 111 σ.; |c 19 εκ. | ||
| 490 | 1 | |a Longmans' simplified English series | |
| 650 | 0 | 0 | |a Readers |y 1950- |
| 650 | 0 | 0 | |a English language |v Textbooks for foreign speakers. |
| 700 | 1 | |a Rosoman, Leonard. |4 ill | |
| 830 | 0 | |a Longmans' simplified English series | |
| 852 | |a INST |b RHODES |c AKA |e 20081119 |h 428.6 THO |p 005400031412 |q 005400031412 |t BK |y 0 | ||
| 901 | |a BIBL4-2008-3 | ||
| 909 | |a Ρ |b 153669 | ||
| 970 | |a ΚΟΖΑ |b ΜΑΡΙΑ |z 2008/11/19 | ||